| 000 | 00956nam a22002417a 4500 | ||
|---|---|---|---|
| 999 |
_c17975 _d17975 |
||
| 003 | AR-CdUCM | ||
| 008 | 190319b ||||| |||| 00| 0 spa d | ||
| 040 |
_aMUNICIPALIDAD PROVINCIAL DEL CUSCO _cBIBLIOTECA MUNICIPAL DEL CUSCO |
||
| 082 |
_a711.5 / _bR44 |
||
| 100 |
_aRettis Miranda, Efrain _919284 |
||
| 245 | _aApuntes sobre Planificación Territorial / | ||
| 260 |
_aCusco : _bAndina, _c1991. |
||
| 300 |
_a160 páginas ; _bIlustraciones, Planos, dibujos, graficos, tablas, _c20 cm. _ePlanos, |
||
| 505 | _aContenido: Concepción del proceso de desarrollo -- La teoría del subdesarrollo y las estrategias del desarrollo -- La planificación -- La planificación como concepto... | ||
| 650 |
_aLimites _919285 |
||
| 650 |
_aTerritorio _914668 |
||
| 650 |
_aPerú _935 |
||
| 650 |
_aSiglo XX. _98 |
||
| 650 |
_aDelimitación _919286 |
||
| 710 |
_aConcejo nacional de ciencia y tecnología _917046 |
||
| 942 |
_2ddc _cLIBROS |
||
| 945 |
_aacv _d2019-05-10 |
||